| 000 | 00699nam a22001577a 4500 | ||
|---|---|---|---|
| 999 |
_c80483 _d80483 |
||
| 008 | 201130b ||||| |||| 00| 0 eng d | ||
| 040 |
_bger _cSTAFF _erda |
||
| 041 | _ager | ||
| 100 | _aGutke, Thomas: | ||
| 245 |
_a"Das Land ist stark": _bBilanz: Der Bundestagsabgeordnete Thomas Nord (Die Linke) äußert sich über die Arbeit der Bundesregierung in der Krise, die Langzeitfolgen der Pandemie und die Proteste der "Querdenker-Bewegung/ _cThomas Gutke |
||
| 773 |
_dFrankfurt (Oder): Märkisches Verlags- und Druckhaus GmbH & Co KG _g31. Jahrgang (2020) Nr. 301 vom 28.12.2020, Seite 13 _tMärkische Oderzeitung |
||
| 942 | _cA | ||